Aktuální otázky výživy a hnojení zemědělských plodin

Bibliographic Details
Main Author: Sobotka, Oldřich (Author)
Format: Article
Language:Czech

MARC

LEADER 00000nab a2200000uu 4500
001 vtls011449294
003 SK-MaSNL
005 20260303112139.0
008 230121|1970 xo |||||||||||||||||cze|
015 |a SNBRB 
035 |a (urnnbn)urn:nbn:sk:snk:ar-0062l0 
035 |a (uuid)c40d2e41-63d7-4101-9687-b79b071ab51e 
035 |a urn:nbn:sk:snk-abclqt 
040 |a SNKBUCL  |b slo  |c SNKBUCL  |e AACR2 
041 0 |a cze 
044 |a xo  |c SK 
100 1 |a Sobotka, Oldřich  |4 aut  |9 518898 
245 1 0 |a Aktuální otázky výživy a hnojení zemědělských plodin  |c Oldřich Sobotka 
773 0 |t Agrochémia : časopis pre chemizáciu poľnohospodárstva  |g Roč. 10, č. 10 (1970), s. 299-301 
954 |a odborná, vedecká literatúra cudzojazyčná (svetová)  |2 lita 
958 |a OND 
958 |a EUIPO 
958 |a article16 
999 |c 1882321  |d 1884251